[Event "Politiken Cup"]
[Site "Helsingor DEN"]
[Date "2014.07.29"]
[EventDate "2014.07.21"]
[Round "10.4"]
[Result "0-1"]
[White "Tiger Hillarp Persson"]
[Black "Gawain Jones"]
[WhiteElo "2564"]
[BlackElo "2665"]
[PlyCount "76"]

1. d4 Nf6 2. c4 g6 3. Nc3 Bg7 4. Nf3 O-O 5. e4 d6 6. Be2 e5
7. O-O Nc6 8. d5 Ne7 9. Kh1 Bd7 10. Ne1 Ne8 11. Be3 f5 12. f3
f4 13. Bf2 g5 14. a4 Rf6 15. c5 Rh6 16. Qb3 Rb8 17. cxd6 Nxd6
18. Bxa7 Qe8 19. Nd3 b6 20. Nf2 Rb7 21. Nb5 Nec8 22. Rac1 Bxb5
23. Bxb5 Nxb5 24. axb5 Rd6 25. Bb8 Qd8 26. Bxc7 Rxc7 27. Rc6
Na7 28. Nd1 Bf8 29. Nc3 Kh8 30. Na4 Rg7 31. Rfc1 g4 32. fxg4
Nxc6 33. bxc6 Rh6 34. Qf3 Bd6 35. h3 Rh4 36. Kg1 h5 37. Kf2
hxg4 38. hxg4 Rgxg4 0-1

[Event "Chess Olympiad"]
[Site "Tromso NOR"]
[Date "2014.08.02"]
[EventDate "2014.08.02"]
[Round "1.10"]
[Result "1-0"]
[White "Gawain Jones"]
[Black "Richard S Jones"]
[WhiteElo "2665"]
[BlackElo "2414"]
[PlyCount "83"]

1. e4 e5 2. Nf3 Nf6 3. d4 Nxe4 4. Bd3 d5 5. Nxe5 Nd7 6. Nxd7
Bxd7 7. Nc3 Nxc3 8. bxc3 Bd6 9. Qh5 Qe7+ 10. Be3 Be6 11. Bg5
Bg4+ 12. Bxe7 Bxh5 13. Bxd6 cxd6 14. Rb1 O-O-O 15. Rb5 f6
16. Rxd5 Bf7 17. Ra5 Kb8 18. Kd2 Rc8 19. Rb1 Rhe8 20. Rab5 Re7
21. a4 h6 22. a5 Be8 23. R5b4 Bf7 24. f3 Rcc7 25. c4 Bg8
26. R1b3 Bf7 27. Rc3 Kc8 28. Rb5 Kd8 29. h4 Kc8 30. g4 Kd8
31. g5 fxg5 32. hxg5 hxg5 33. Rxg5 Bg8 34. c5 dxc5 35. Rcxc5
b6 36. axb6 axb6 37. Rb5 Rc6 38. Rbf5 Kc7 39. Rf8 Be6 40. Ra8
Bd7 41. Rg8 Rd6 42. c3 1-0

[Event "Chess Olympiad"]
[Site "Tromso NOR"]
[Date "2014.08.03"]
[EventDate "2014.08.02"]
[Round "2.11"]
[Result "1/2-1/2"]
[White "Zhong Zhang"]
[Black "Gawain Jones"]
[WhiteElo "2611"]
[BlackElo "2665"]
[PlyCount "70"]

1. e4 c5 2. Nf3 d6 3. d4 cxd4 4. Qxd4 Nf6 5. e5 Nc6 6. Qa4
dxe5 7. Nxe5 Qd4 8. Qxd4 Nxd4 9. Na3 Nd7 10. Bf4 f6 11. Nxd7
Bxd7 12. O-O-O e5 13. Be3 Bxa3 14. Bxd4 Be7 15. Be3 Be6 16. g3
Rc8 17. Bg2 b6 18. Bd5 Kf7 19. f4 Rhd8 20. Bxe6+ Kxe6 21. fxe5
Rxd1+ 22. Kxd1 fxe5 23. c3 h5 24. Ke2 Rc4 25. h3 b5 26. Rc1
Re4 27. Re1 h4 28. Kf3 Ra4 29. Ra1 hxg3 30. Kxg3 a6 31. b3 Re4
32. Kf3 Rh4 33. Kg2 Re4 34. Kf3 Rh4 35. Kg2 Re4 1/2-1/2

[Event "Chess Olympiad"]
[Site "Tromso NOR"]
[Date "2014.08.04"]
[EventDate "2014.08.02"]
[Round "3.4"]
[Result "0-1"]
[White "Gawain Jones"]
[Black "Georg Meier"]
[WhiteElo "2665"]
[BlackElo "2646"]
[PlyCount "136"]

1. d4 Nf6 2. Bg5 d5 3. e3 e6 4. Nd2 c5 5. c3 Bd6 6. Ngf3 h6
7. Bh4 Nbd7 8. Bd3 O-O 9. O-O b6 10. e4 cxd4 11. Bxf6 Qxf6
12. cxd4 dxe4 13. Bxe4 Rb8 14. Nc4 Qe7 15. Nxd6 Qxd6 16. Rc1
Bb7 17. Bxb7 Rxb7 18. Qc2 Nf6 19. Qc6 Qe7 20. Qb5 Rc7 21. Qa6
Qd7 22. Rxc7 Qxc7 23. a3 Rc8 24. h3 Qb8 25. Qe2 Qf4 26. Re1
Nd5 27. Qb5 Qc7 28. Qa6 Qb8 29. Qe2 Rc7 30. Ne5 Qb7 31. Qe4
Qc8 32. Qf3 Qd8 33. g3 Nf6 34. Rd1 Qd5 35. Qxd5 Nxd5 36. Rd2
f6 37. Ng4 Kf7 38. Ne3 Nxe3 39. fxe3 Rc1+ 40. Kf2 h5 41. h4
Ke7 42. e4 Kd6 43. Kf3 g6 44. Kf4 Rf1+ 45. Ke3 f5 46. e5+ Kd5
47. Rc2 Re1+ 48. Kf4 Re4+ 49. Kg5 Rg4+ 50. Kf6 f4 51. gxf4
Rxf4+ 52. Kxg6 Rxh4 53. Rc7 Rxd4 54. Rxa7 h4 55. Kf6 Rf4+
56. Kg5 Kxe5 57. Rh7 Ke4 58. Rh6 e5 59. Re6 Kf3 60. Rxe5 h3
61. Rb5 Kg3 62. Rb3+ Rf3 63. Rxb6 h2 64. Rh6 Kg2 65. Kg4 Rb3
66. Kf4 h1=Q 67. Rxh1 Kxh1 68. Ke5 Rxb2 0-1

[Event "Chess Olympiad"]
[Site "Tromso NOR"]
[Date "2014.08.06"]
[EventDate "2014.08.02"]
[Round "5.9"]
[Result "0-1"]
[White "Gawain Jones"]
[Black "Ngoc Truongson Nguyen"]
[WhiteElo "2665"]
[BlackElo "2634"]
[PlyCount "114"]

1. e4 e6 2. d4 d5 3. Nd2 c5 4. Ngf3 cxd4 5. Nxd4 Nc6 6. Bb5
Bd7 7. Nxc6 Bxc6 8. Bxc6+ bxc6 9. c4 Bc5 10. Qa4 Ne7 11. exd5
exd5 12. Nb3 Bb6 13. c5 Bc7 14. O-O O-O 15. Re1 Qd7 16. Bd2
Ng6 17. Nd4 Be5 18. Qxc6 Qxc6 19. Nxc6 Bxb2 20. Rab1 Ba3
21. Be3 Rfc8 22. Nb4 Bxb4 23. Rxb4 Rc7 24. Reb1 f6 25. Kf1
Rac8 26. Rb7 Kf7 27. c6 Ne7 28. Bf4 Rxc6 29. Rxa7 Re6 30. g3
g5 31. Be3 Kg6 32. Rbb7 Nc6 33. Rg7+ Kf5 34. Rad7 Ke4 35. Kg2
d4 36. Bd2 Ne5 37. Rc7 Rxc7 38. Rxc7 Ra6 39. Rxh7 Rxa2 40. Bb4
d3 41. h4 g4 42. Rh6 Kf5 43. Rh5+ Ke6 44. Rh8 Nf3 45. Re8+ Kf5
46. Re3 d2 47. Bxd2 Rxd2 48. Kf1 Ra2 49. Rc3 Nd2+ 50. Ke1 Ne4
51. Rc4 Ke5 52. h5 Nxf2 53. h6 Ne4 54. Rc8 Rh2 55. Rh8 Nxg3
56. h7 Kf5 57. Kd1 Ne4 0-1

[Event "Chess Olympiad"]
[Site "Tromso NOR"]
[Date "2014.08.08"]
[EventDate "2014.08.02"]
[Round "6.12"]
[Result "1/2-1/2"]
[White "Gabriel Sargissian"]
[Black "Gawain Jones"]
[WhiteElo "2686"]
[BlackElo "2665"]
[PlyCount "164"]

1. d4 Nf6 2. c4 g6 3. Nc3 Bg7 4. e4 d6 5. Nf3 O-O 6. Be2 e5
7. O-O Nbd7 8. Be3 Qe7 9. dxe5 dxe5 10. Nd5 Qd8 11. Qc2 Nh5
12. g3 c6 13. Nc3 Qe7 14. Nd2 Nc5 15. Nb3 Ne6 16. Rfd1 Nf6
17. Qd2 Rd8 18. Qe1 Re8 19. f3 Nd7 20. Qf2 b6 21. Bf1 f5
22. exf5 gxf5 23. Re1 c5 24. Rad1 Nf6 25. Bh3 f4 26. gxf4 exf4
27. Bxe6+ Bxe6 28. Bxf4 Qf7 29. Nd2 Nh5 30. Be3 Kh8 31. Nde4
Be5 32. Kh1 Rg8 33. Ng5 Qf5 34. Nxe6 Ng3+ 35. hxg3 Rxg3
36. Ng5 Rg8 37. Qxg3 Bxg3 38. Nce4 Bxe1 39. Rxe1 h6 40. Bd2
hxg5 41. Bc3+ Rg7 42. Re3 Kg8 43. Bxg7 Qh3+ 44. Kg1 Kxg7
45. Nf2 Qg3+ 46. Kf1 Qf4 47. Rc3 Qd2 48. Ra3 Qxb2 49. Rxa7+
Kf6 50. Kg2 Ke5 51. Re7+ Kd6 52. Re4 Qxa2 53. Kg3 Kc6 54. Ng4
Qb1 55. Ne5+ Kb7 56. Kg4 Qg1+ 57. Kf5 Kc7 58. Rg4 Qb1+
59. Kxg5 b5 60. cxb5 Qxb5 61. Re4 Qb1 62. Kf4 Qc1+ 63. Kf5 Qh1
64. Kf4 Qh6+ 65. Kg3 Kb6 66. Nc4+ Kb5 67. Ne5 Qh1 68. Kf4 Qh2+
69. Ke3 Qc2 70. Kf4 Qd1 71. Ke3 Kb6 72. Nc4+ Kc6 73. Ne5+ Kd5
74. Nc4 Qe1+ 75. Kd3 Qf1+ 76. Ke3 Qe1+ 77. Kd3 Qf2 78. Nd2 Qg3
79. Rg4 Qe5 80. Re4 Qf6 81. Rg4 Qa6+ 82. Kc2 Qa2+ 1/2-1/2

[Event "Chess Olympiad"]
[Site "Tromso NOR"]
[Date "2014.08.09"]
[EventDate "2014.08.02"]
[Round "7.14"]
[Result "1-0"]
[White "Gawain Jones"]
[Black "Eric Hansen"]
[WhiteElo "2665"]
[BlackElo "2593"]
[PlyCount "73"]

1. c4 Nf6 2. Nc3 c5 3. Nf3 Nc6 4. g3 d5 5. cxd5 Nxd5 6. Bg2 g6
7. Qa4 Bg7 8. Qb5 Nb4 9. O-O Qb6 10. d3 Qxb5 11. Nxb5 O-O
12. Nc7 Rb8 13. Bf4 Bxb2 14. Rab1 Bg7 15. Rfc1 e5 16. Be3 b6
17. a3 Na6 18. Nb5 Bd7 19. Nd2 Ra8 20. Nc4 h6 21. Bd5 Kh7
22. Ncd6 f5 23. Rc4 Na5 24. Rh4 Bc6 25. Bxc6 Nxc6 26. Ra4 Ncb8
27. f4 exf4 28. gxf4 Rd8 29. Kf2 Rd7 30. Nc4 Kg8 31. Rg1 Kf7
32. Ncd6+ Kf6 33. Bd2 g5 34. fxg5+ hxg5 35. Rxg5 Ke6 36. Rg6+
Kd5 37. Nxf5 1-0

[Event "Chess Olympiad"]
[Site "Tromso NOR"]
[Date "2014.08.10"]
[EventDate "2014.08.02"]
[Round "8.13"]
[Result "1-0"]
[White "Robert Markus"]
[Black "Gawain Jones"]
[WhiteElo "2602"]
[BlackElo "2665"]
[PlyCount "137"]

1. d4 Nf6 2. c4 g6 3. Nf3 Bg7 4. g3 O-O 5. Bg2 d6 6. O-O Nc6
7. Nc3 Rb8 8. Ne1 a6 9. e3 Na5 10. b3 c5 11. Nd3 Bg4 12. Qd2
b5 13. cxb5 axb5 14. dxc5 dxc5 15. Nxc5 b4 16. N3a4 Ne4
17. Bxe4 Bxa1 18. Na6 Rb5 19. Nxb4 Bg7 20. Nd5 e6 21. Ndc3 Rb8
22. Bg2 Qxd2 23. Bxd2 Rfd8 24. Be1 g5 25. Ne4 Nxb3 26. axb3
Be2 27. Ba5 Bxf1 28. Bxf1 Rd1 29. b4 Ra1 30. Nac5 h6 31. Kg2
Ra8 32. Nb3 Rb1 33. Bc4 Bf8 34. Nf6+ Kg7 35. Nd7 Be7 36. Nb6
Rd8 37. b5 Bf6 38. Nd4 g4 39. Bd3 Ra1 40. Bb4 h5 41. Nc4 Rd1
42. Be2 Rb1 43. Nc6 Ra8 44. Nd2 Rc1 45. h3 gxh3+ 46. Kxh3 h4
47. Ne4 Rh1+ 48. Kg2 Raa1 49. gxh4 Rag1+ 50. Kf3 Rh3+ 51. Ng3
Rc1 52. Kg2 Rxh4 53. Nh5+ Kg6 54. Nxf6 Rxb4 55. Nxb4 Kxf6
56. Nc6 Rc2 57. Kf3 Rb2 58. e4 Kg5 59. Ke3 Kg6 60. f4 Kg7
61. Bc4 Kf8 62. Kd4 Ke8 63. Kc5 Kd7 64. b6 Rb1 65. Ne5+ Ke7
66. Kc6 f6 67. Nd3 Kd8 68. b7 e5 69. Bb5 1-0

[Event "Chess Olympiad"]
[Site "Tromso NOR"]
[Date "2014.08.11"]
[EventDate "2014.08.02"]
[Round "9.17"]
[Result "1/2-1/2"]
[White "Gawain Jones"]
[Black "Jacob Aagaard"]
[WhiteElo "2665"]
[BlackElo "2525"]
[PlyCount "55"]

1. c4 c6 2. e4 d5 3. exd5 cxd5 4. d4 Nf6 5. Nc3 e6 6. Nf3 Bb4
7. cxd5 Nxd5 8. Bd2 Nc6 9. Bd3 O-O 10. O-O Be7 11. a3 Bf6
12. Qe2 Nxd4 13. Nxd4 Bxd4 14. Bxh7+ Kxh7 15. Qe4+ Kg8
16. Qxd4 Nb6 17. Be3 Qxd4 18. Bxd4 Nc4 19. Bc5 Rd8 20. Rfd1
Rd7 21. Rxd7 Bxd7 22. Rd1 Be8 23. b3 Rc8 24. Ne4 Bc6 25. Ng5
Be8 26. Ne4 Bc6 27. Nc3 Be8 28. Ne4 1/2-1/2

[Event "Chess Olympiad"]
[Site "Tromso NOR"]
[Date "2014.08.12"]
[EventDate "2014.08.02"]
[Round "10.15"]
[Result "0-1"]
[White "Evgenij Agrest"]
[Black "Gawain Jones"]
[WhiteElo "2595"]
[BlackElo "2665"]
[PlyCount "76"]

1. d4 Nf6 2. c4 g6 3. Nc3 Bg7 4. e4 d6 5. h3 O-O 6. Nf3 e5
7. d5 Nh5 8. g3 a5 9. Be3 Na6 10. Nd2 Bd7 11. Be2 Nf6 12. g4
Nc5 13. Qc2 a4 14. a3 c6 15. g5 Ne8 16. O-O-O cxd5 17. Nxd5
Nc7 18. Nb6 Ra6 19. Nxd7 Qxd7 20. Bg4 Qc6 21. Kb1 Rb8 22. Be2
N7e6 23. h4 Nd4 24. Bxd4 exd4 25. Bd3 b5 26. cxb5 Rxb5
27. Bxb5 Qxb5 28. Qc4 Qb8 29. e5 Rb6 30. b4 axb3 31. exd6 Qxd6
32. Rhe1 Rb8 33. f3 Nd3 34. Qa4 Nxe1 35. Rxe1 d3 36. Re8+ Rxe8
37. Qxe8+ Bf8 38. Qa8 Qc7 0-1

[Event "Chess Olympiad"]
[Site "Tromso NOR"]
[Date "2014.08.14"]
[EventDate "2014.08.02"]
[Round "11.7"]
[Result "0-1"]
[White "Gawain Jones"]
[Black "Lazaro Bruzon Batista"]
[WhiteElo "2665"]
[BlackElo "2664"]
[PlyCount "91"]

1. d4 d5 2. c4 e6 3. Nc3 Nf6 4. cxd5 exd5 5. Bg5 c6 6. Qc2 Be7
7. e3 Nbd7 8. Bd3 O-O 9. Nge2 Re8 10. O-O Nf8 11. f3 g6
12. Rae1 Ne6 13. Bh4 b6 14. Kh1 Bb7 15. Qb3 Rc8 16. e4 c5
17. Bb5 Rf8 18. e5 Nh5 19. Bxe7 Qxe7 20. Nxd5 Bxd5 21. Qxd5
Rfd8 22. Qe4 cxd4 23. f4 d3 24. Nc3 Rd4 25. Qf3 Nhxf4 26. Re4
Rcd8 27. Rxd4 Rxd4 28. Ne4 d2 29. g3 Nh3 30. Nf6+ Kh8 31. Be2
Neg5 32. Qc6 Rd8 33. Kg2 Qxe5 34. Bd1 h5 35. b4 Kg7 36. a4 Kh6
37. Qb7 Qe6 38. b5 Kg7 39. Qxa7 Rd5 40. Qa8 Rf5 41. Rxf5 Qxf5
42. Qg8+ Kxf6 43. Qd8+ Kg7 44. Qd4+ Kh7 45. g4 hxg4 46. Qxg4
0-1

[Event "PokerStars IoM Masters"]
[Site "Douglas ENG"]
[Date "2014.10.09"]
[EventDate "2014.10.04"]
[Round "6.3"]
[Result "0-1"]
[White "Anatoli Vaisser"]
[Black "Gawain Jones"]
[WhiteElo "2531"]
[BlackElo "2664"]
[PlyCount "90"]

1. d4 d6 2. e4 Nf6 3. Nc3 g6 4. f4 Bg7 5. Nf3 O-O 6. e5 Nfd7
7. h4 c5 8. h5 cxd4 9. Qxd4 dxe5 10. Qf2 e4 11. Nxe4 Nf6
12. Nxf6+ exf6 13. hxg6 Re8+ 14. Be2 hxg6 15. Bd2 Nc6
16. O-O-O Qb6 17. Qxb6 axb6 18. Bc4 b5 19. Bxb5 Rxa2 20. Kb1
Be6 21. Bc3 Rea8 22. b3 Ne7 23. Bb2 R2a5 24. Bd7 Bd5 25. Rhe1
f5 26. Bxg7 Kxg7 27. c4 Be4+ 28. Kb2 Ra2+ 29. Kc3 Ng8 30. Nd2
Nf6 31. Nxe4 Nxe4+ 32. Kb4 Rxg2 33. Bb5 Rf2 34. Rd7 Rb8
35. Ra1 Rxf4 36. Ra7 g5 37. Raxb7 Rxb7 38. Rxb7 g4 39. Ra7 g3
40. Ra1 Rg4 41. Bc6 Kf6 42. c5 g2 43. Rg1 Ke5 44. Bxe4 Kxe4
45. c6 Kf3+ 0-1

[Event "PokerStars IoM Masters"]
[Site "Douglas ENG"]
[Date "2014.10.10"]
[EventDate "2014.10.04"]
[Round "7.2"]
[Result "0-1"]
[White "Gawain Jones"]
[Black "David Howell"]
[WhiteElo "2664"]
[BlackElo "2657"]
[PlyCount "106"]

1. c4 e6 2. Nc3 d5 3. d4 Nf6 4. cxd5 exd5 5. Bg5 c6 6. Qc2 Be7
7. e3 Nbd7 8. Bd3 O-O 9. Nge2 Re8 10. O-O Nf8 11. f3 g6
12. Rad1 Ne6 13. Bh4 Nh5 14. Bxe7 Rxe7 15. Kh1 f5 16. b4 Nc7
17. Qd2 Qe8 18. Rde1 Bd7 19. e4 Qf8 20. g4 Nf6 21. gxf5 gxf5
22. Rg1+ Kh8 23. e5 Nh5 24. Rg5 Ng7 25. Nf4 Nce6 26. Nxe6 Nxe6
27. Rxf5 Rf7 28. Rh5 Rg7 29. Bf5 Be8 30. Rxh7+ Rxh7 31. Bxe6
Bh5 32. Bh3 Bxf3+ 33. Bg2 Bxg2+ 34. Qxg2 Qxb4 35. Qd2 Rg8
36. Qe3 Qf8 37. e6 Qg7 38. Qe5 Qxe5 39. Rxe5 Re8 40. Ne2 Rh4
41. Kg2 Kg7 42. Kg3 Re4 43. Rxe4 dxe4 44. Nf4 Kf6 45. Kf2 Kf5
46. Ke3 Rh8 47. a3 Rg8 48. a4 a5 49. Ne2 Kxe6 50. Kxe4 Rh8
51. Nf4+ Kd6 52. h3 Rh4 53. Kf5 b5 0-1

[Event "PokerStars IoM Masters"]
[Site "Douglas ENG"]
[Date "2014.10.11"]
[EventDate "2014.10.04"]
[Round "8.3"]
[Result "1-0"]
[White "Laurent Fressinet"]
[Black "Gawain Jones"]
[WhiteElo "2713"]
[BlackElo "2664"]
[PlyCount "55"]

1. e4 c5 2. Nf3 d6 3. Bb5+ Bd7 4. Bxd7+ Qxd7 5. d4 cxd4
6. Qxd4 Nc6 7. Qd3 Rc8 8. c4 b5 9. Na3 bxc4 10. Nxc4 Nf6
11. O-O e6 12. Rd1 d5 13. exd5 Nxd5 14. Ne3 Nf6 15. Qa6 Qc7
16. Bd2 Nb8 17. Qa4+ Qd7 18. Qb3 Bc5 19. Bc3 Qc6 20. Bxf6 gxf6
21. Rac1 Nd7 22. Qd3 Qb7 23. Nc4 Rc7 24. Nd6+ Bxd6 25. Qxd6
Kd8 26. Nd4 h5 27. Nc6+ Kc8 28. Na5 1-0

[Event "4NCL Division 1"]
[Site "Hinckley Island"]
[Date "2014.05.04"]
[EventDate "2014.05.??"]
[Round "10.113"]
[Result "1-0"]
[White "Gawain Jones"]
[Black "Daniel Howard Fernandez"]
[WhiteElo "2650"]
[BlackElo "2380"]
[PlyCount "65"]

1. d4 g6 2. e4 Bg7 3. Nc3 a6 4. h4 b5 5. h5 Bb7 6. Bg5 d6
7. Nf3 Nd7 8. a4 b4 9. Nd5 Ngf6 10. h6 Bf8 11. Bxf6 Nxf6
12. Nxf6+ exf6 13. d5 Be7 14. Qd4 c5 15. dxc6 Bxc6 16. Bc4 O-O
17. a5 Qc7 18. O-O Bd7 19. Qd3 Qc5 20. Rfd1 f5 21. e5 Bc6
22. exd6 Bf6 23. Bxa6 Be4 24. Qc4 Qa7 25. Bb5 Rfc8 26. Qxb4
Bxf3 27. gxf3 Rxc2 28. Rd2 Bc3 29. Qxc3 Rxc3 30. bxc3 Qb7
31. Bf1 Rd8 32. a6 Qxf3 33. a7 1-0

[Event "Politiken Cup"]
[Site "Helsingor DEN"]
[Date "2015.07.30"]
[EventDate "2015.07.25"]
[Round "7.28"]
[Result "0-1"]
[White "Joseph McPhillips"]
[Black "Gawain Jones"]
[WhiteElo "2191"]
[BlackElo "2647"]
[PlyCount "28"]

1. e4 e5 2. Nf3 Nc6 3. Bb5 g6 4. d4 exd4 5. Bg5 Be7 6. Bxe7
Qxe7 7. O-O Nf6 8. e5 Nd5 9. Bxc6 dxc6 10. Qxd4 Bf5 11. c3 Nb6
12. Nbd2 Rd8 13. Qf4 Rd3 14. Ne4 Nd5 0-1

[Event "Tradewise Gibraltar"]
[Site "Caleta ENG"]
[Date "2015.01.31"]
[EventDate "2015.01.27"]
[Round "5.29"]
[Result "1-0"]
[White "Marani Rajendran Venkatesh"]
[Black "Gawain Jones"]
[WhiteElo "2460"]
[BlackElo "2671"]
[PlyCount "93"]

1. e4 d6 2. d4 Nf6 3. Nc3 g6 4. Be3 a6 5. h3 Nbd7 6. Nf3 e5
7. dxe5 dxe5 8. Bc4 Bg7 9. a4 O-O 10. O-O Qe7 11. Qe2 Nc5
12. Nd2 a5 13. Rfd1 c6 14. Ba2 Ne6 15. Nc4 Nh5 16. Nb6 Nd4
17. Qd3 Rb8 18. Ne2 Rd8 19. Bxd4 exd4 20. c3 Nf6 21. Nxd4 Be6
22. Bxe6 fxe6 23. Qc4 Re8 24. Re1 Kh8 25. Rad1 Rbd8 26. b4
axb4 27. cxb4 Bf8 28. Nc2 Qc7 29. a5 Qe5 30. Rd3 Bd6 31. g3 g5
32. Qb3 Bf8 33. Nc4 Qc7 34. Rf3 Bg7 35. e5 Nd5 36. N2e3 Bxe5
37. Nxe5 Qxe5 38. Rf7 Nxe3 39. Qb1 Qf5 40. Qa1+ e5 41. Rxf5
Nxf5 42. Rxe5 Ng7 43. Rxe8+ Rxe8 44. Qf6 Kg8 45. Qxg5 Re6
46. b5 cxb5 47. Qd5 1-0

[Event "Tradewise Gibraltar"]
[Site "Caleta ENG"]
[Date "2015.02.01"]
[EventDate "2015.01.27"]
[Round "6.52"]
[Result "1-0"]
[White "Gawain Jones"]
[Black "Vladimir Prosviriakov"]
[WhiteElo "2671"]
[BlackElo "2257"]
[PlyCount "77"]

1. e4 e5 2. Nf3 Nc6 3. d4 exd4 4. Nxd4 g6 5. Nc3 Bg7 6. Nxc6
bxc6 7. Bc4 Ne7 8. Bg5 h6 9. Qf3 O-O 10. Bf6 Bxf6 11. Qxf6 d5
12. O-O-O Be6 13. Rd2 Qd7 14. Rhd1 Rad8 15. Bb3 Kh7 16. Qd4 a6
17. exd5 cxd5 18. Bxd5 Nxd5 19. Nxd5 Bxd5 20. Qxd5 Qa4 21. Qb3
Qxb3 22. cxb3 Rxd2 23. Rxd2 Rc8 24. Rc2 c6 25. b4 Kg7 26. a4
Kf6 27. Rc5 Ke6 28. b5 Kd6 29. Rxc6+ Rxc6+ 30. bxc6 a5 31. Kc2
Kxc6 32. Kc3 Kc5 33. h4 f6 34. g4 h5 35. gxh5 gxh5 36. b4+
axb4+ 37. Kb3 f5 38. f4 Kd4 39. Kxb4 1-0

[Event "Tradewise Gibraltar"]
[Site "Caleta ENG"]
[Date "2015.02.02"]
[EventDate "2015.01.27"]
[Round "7.35"]
[Result "0-1"]
[White "Gawain Jones"]
[Black "John L Watson"]
[WhiteElo "2671"]
[BlackElo "2319"]
[PlyCount "88"]

1. c4 Nf6 2. Nc3 g6 3. d4 Bg7 4. e4 d6 5. f3 O-O 6. Be3 Nc6
7. Nge2 a6 8. Qd2 Rb8 9. Rc1 Bd7 10. Nd1 Re8 11. Nf2 b5
12. cxb5 axb5 13. g3 e5 14. d5 Ne7 15. Bg2 c6 16. dxc6 Bxc6
17. O-O d5 18. Rfd1 Qd7 19. Bc5 Qb7 20. Qb4 Nc8 21. Rc2 dxe4
22. fxe4 Bh6 23. Nc3 Nb6 24. b3 Nbd7 25. Bd6 Rbc8 26. Re2 Qb6
27. Rd3 Ng4 28. Nd1 Ba8 29. Bh3 Nxf2 30. Nxf2 Rc1+ 31. Kg2 f5
32. Be7 Qe6 33. Bd6 Nf6 34. Rf3 Qf7 35. Qxb5 fxe4 36. Nxe4
Nxe4 37. Qd7 Qxf3+ 38. Kxf3 Nf6+ 39. Kf2 Nxd7 40. Bxd7 Bf8
41. Bxe8 Bxd6 42. b4 Rh1 43. Ke3 Bxb4 44. Rc2 Bd5 0-1

[Event "Tradewise Gibraltar"]
[Site "Caleta ENG"]
[Date "2015.02.03"]
[EventDate "2015.01.27"]
[Round "8.55"]
[Result "0-1"]
[White "Tom Rydstrom"]
[Black "Gawain Jones"]
[WhiteElo "2292"]
[BlackElo "2671"]
[PlyCount "58"]

1. e4 d6 2. d4 Nf6 3. Nc3 g6 4. Be3 a6 5. Nf3 Bg7 6. Qd2 O-O
7. Bh6 b5 8. Bd3 Nc6 9. Bxg7 Kxg7 10. d5 Ne5 11. Nxe5 dxe5
12. h4 h6 13. O-O-O Qd6 14. Kb1 c5 15. dxc6 Be6 16. Ne2 Rfd8
17. f3 Qxc6 18. g4 Nd7 19. Rh2 Nc5 20. Nc1 b4 21. Qe3 a5
22. Rhd2 Rdb8 23. b3 a4 24. Rf2 axb3 25. cxb3 Na4 26. bxa4 b3
27. Bb5 bxa2+ 28. Nxa2 Rxa4 29. Nc3 Rxb5+ 0-1

[Event "Tradewise Gibraltar"]
[Site "Caleta ENG"]
[Date "2015.02.04"]
[EventDate "2015.01.27"]
[Round "9.36"]
[Result "0-1"]
[White "Gawain Jones"]
[Black "Yago De Moura Santiago"]
[WhiteElo "2671"]
[BlackElo "2406"]
[PlyCount "158"]

1. e4 e6 2. d4 d5 3. Nd2 Nc6 4. Ngf3 Nf6 5. e5 Nd7 6. c3 f6
7. Bb5 fxe5 8. dxe5 Be7 9. O-O O-O 10. Re1 Qe8 11. Nd4 Nxd4
12. cxd4 Qf7 13. Nf3 c5 14. dxc5 Nxc5 15. Be3 Bd7 16. Rc1 Bxb5
17. Bxc5 Bxc5 18. Rxc5 Bc6 19. Qc2 Qf4 20. Rd1 Ba4 21. b3 Be8
22. Rd4 Qh6 23. Qd2 Qxd2 24. Rxd2 Bg6 25. Nd4 Rac8 26. Rxc8
Rxc8 27. f4 Kf7 28. g4 Be4 29. Nb5 Ke7 30. Kf2 Rc5 31. Nd6 Rc3
32. Ke1 Bf3 33. g5 b6 34. Nb5 Rc5 35. Nxa7 Kd7 36. a4 Rc3
37. Nb5 Rxb3 38. Rc2 Kd8 39. Nd4 Rb1+ 40. Kf2 Bg4 41. Rc6 Ke7
42. Rc3 Rd1 43. Nb5 Kf7 44. Nd6+ Kg6 45. Ne8 Kf7 46. g6+ Kxg6
47. Rc7 Bf5 48. Rxg7+ Kh6 49. Rg8 Rd2+ 50. Ke3 Rd3+ 51. Ke2
Rd4 52. Ke3 Rxa4 53. Nd6 d4+ 54. Kf2 Ra2+ 55. Kg3 Ra3+ 56. Kf2
Bg6 57. f5 exf5 58. Rd8 Ra2+ 59. Kg3 d3 60. Nc4 f4+ 61. Kg4 b5
62. Nd6 d2 63. Kxf4 d1=Q 64. Nf5+ Bxf5 65. Rxd1 Rf2+ 66. Kg3
Re2 67. Rd6+ Bg6 68. Rd5 b4 69. Rb5 Re4 70. h4 Rc4 71. e6 Re4
72. Rb6 Kg7 73. Rb7+ Kf6 74. e7 Be8 75. Rb6+ Kxe7 76. Rh6 b3
77. Rxh7+ Bf7 78. Rh6 b2 79. Rb6 Re3+ 0-1

[Event "Tradewise Gibraltar"]
[Site "Caleta ENG"]
[Date "2015.02.05"]
[EventDate "2015.01.27"]
[Round "10.53"]
[Result "0-1"]
[White "Peter Lombaers"]
[Black "Gawain Jones"]
[WhiteElo "2291"]
[BlackElo "2671"]
[PlyCount "68"]

1. e4 c6 2. d4 d5 3. Nd2 dxe4 4. Nxe4 Nf6 5. Nxf6+ gxf6 6. Nf3
Bg4 7. Be2 Qc7 8. O-O Nd7 9. Nh4 Bxe2 10. Qxe2 O-O-O 11. c4 e6
12. g3 Rg8 13. Be3 f5 14. Kh1 Nf6 15. Rad1 Kb8 16. Rd3 Ka8
17. Rfd1 Ng4 18. Bc1 Be7 19. Nf3 h5 20. c5 Qd7 21. b4 Qd5
22. Bf4 Qe4 23. Qf1 h4 24. h3 hxg3 25. fxg3 Nf6 26. Re1 Qd5
27. Ra3 Nh5 28. Re5 Qd7 29. Kh2 Nxf4 30. gxf4 Bf6 31. Ree3 Qc7
32. Ne5 Rxd4 33. Rg3 Rgd8 34. Nc4 Qxf4 0-1

[Event "Politiken Cup"]
[Site "Helsingor DEN"]
[Date "2015.07.25"]
[EventDate "2015.07.25"]
[Round "1.7"]
[Result "1-0"]
[White "Gawain Jones"]
[Black "Joel Hogeman"]
[WhiteElo "2647"]
[BlackElo "1946"]
[PlyCount "165"]

1. e4 c6 2. Nc3 d5 3. Nf3 Bg4 4. h3 Bxf3 5. Qxf3 e6 6. Be2 Nd7
7. d4 dxe4 8. Nxe4 Ngf6 9. O-O Nxe4 10. Qxe4 Nf6 11. Qd3 Bd6
12. b4 Qc7 13. b5 O-O 14. bxc6 bxc6 15. Bf3 Rab8 16. Bg5 Nd5
17. c4 Nb4 18. Qe4 c5 19. a3 Na6 20. d5 exd5 21. Qxd5 Bh2+
22. Kh1 Be5 23. Rae1 Rfe8 24. Qc6 Qxc6 25. Bxc6 Re6 26. Bd5
Ree8 27. Re3 Nc7 28. Bc6 Re6 29. Bd5 Ree8 30. Bc6 Re6 31. Bd7
Rd6 32. Rxe5 Rxd7 33. Rxc5 Ne6 34. Ra5 Nxg5 35. Rxg5 h6
36. Rb5 Rxb5 37. cxb5 Rd3 38. Ra1 Rb3 39. a4 Rb2 40. Kg1 h5
41. f3 f5 42. Rc1 Rb4 43. Rc8+ Kh7 44. Ra8 Rxa4 45. b6 Rb4
46. bxa7 Ra4 47. Kf2 h4 48. Ke3 Kg6 49. f4 Kh7 50. Kd3 Kg6
51. Kc3 Ra1 52. Kc4 Rc1+ 53. Kd4 Rd1+ 54. Ke3 Re1+ 55. Kf2 Ra1
56. g4 hxg3+ 57. Kxg3 Ra3+ 58. Kf2 Kh7 59. Ke2 g6 60. Kd2 Kg7
61. Kc2 Ra6 62. Kb3 Ra1 63. Kc3 Ra6 64. Kd4 Ra1 65. Kd3 Ra6
66. Ke3 Ra3+ 67. Kf2 Ra2+ 68. Kg3 Ra3+ 69. Kh4 Ra1 70. Rb8
Rxa7 71. Kg5 Ra3 72. Rb7+ Kf8 73. h4 Ra6 74. Rh7 Re6 75. Ra7
Rb6 76. Kh6 Rb4 77. Kxg6 Rxf4 78. Ra8+ Ke7 79. h5 Rg4+
80. Kxf5 Rg7 81. h6 Rf7+ 82. Ke5 Rf8 83. Ra7+ 1-0

[Event "Politiken Cup"]
[Site "Helsingor DEN"]
[Date "2015.07.26"]
[EventDate "2015.07.25"]
[Round "2.7"]
[Result "0-1"]
[White "Sondre Merkesvik"]
[Black "Gawain Jones"]
[WhiteElo "2130"]
[BlackElo "2647"]
[PlyCount "58"]

1. d4 Nf6 2. Nf3 g6 3. g3 Bg7 4. Bg2 O-O 5. c4 d6 6. b3 e5
7. Bb2 e4 8. Nfd2 Re8 9. e3 c6 10. Nc3 Bf5 11. b4 Na6 12. Qb3
c5 13. b5 Nb4 14. O-O Nd3 15. Ba3 cxd4 16. exd4 Qe7 17. Nd1
Ng4 18. Ne3 Nxe3 19. fxe3 Qg5 20. Rf4 Bxd4 21. exd4 Nxf4
22. gxf4 Qxf4 23. Nf1 e3 24. Qc3 Qf2+ 25. Kh1 e2 26. Bb4 Be4
27. Ne3 Bxg2+ 28. Nxg2 Qf1+ 29. Rxf1 exf1=R# 0-1

[Event "Politiken Cup"]
[Site "Helsingor DEN"]
[Date "2015.07.27"]
[EventDate "2015.07.25"]
[Round "4.34"]
[Result "1-0"]
[White "Gawain Jones"]
[Black "Kristian Bjorneboe"]
[WhiteElo "2647"]
[BlackElo "2015"]
[PlyCount "55"]

1. g3 Nf6 2. Bg2 d5 3. Nf3 e6 4. O-O Be7 5. c4 c6 6. b3 Nbd7
7. Bb2 O-O 8. d3 b6 9. e4 Bb7 10. Qe2 Rb8 11. Nc3 a6 12. Rfe1
dxe4 13. dxe4 c5 14. Rad1 Qc7 15. e5 Ne8 16. Ne4 Rd8 17. Qc2
f5 18. Neg5 Bxf3 19. Nxe6 Bxd1 20. Rxd1 Qc8 21. Nxd8 Bxd8
22. Bd5+ Kh8 23. Be6 Qb8 24. Rxd7 f4 25. Qe4 fxg3 26. hxg3 b5
27. Rb7 Qa8 28. Rf7 1-0